000 00814nam a2200229 i 4500
001 100858
003 ES-MaACL
005 20250809034605.0
007 t|
008 051006s1979 sp ||||1| spa d
100 1 _aMattes, Heinz.
_979119
245 1 0 _aProblemas del derecho penal administrativo /
_cHeinz Mattes y Herta Mattes.
260 _aMadrid :
_bRevista de Derecho Privado,
_c1979.
300 _aXXIII, 538 p. ;
_c22 cm.
505 8 _aContiene: V. I.- Historia y Derecho comparado/ traducción y nota por José María Rodríguez Devesa...
650 4 _aDelitos de los funcionarios.
_9169728
650 0 7 _aDerecho penal
_2embne
_911749
700 1 _aMattes, Herta.
_979120
700 1 _aRodríguez Devesa, José María.
_998493
852 _aES-MaACL
_jA-10592
_bR.99863
999 _c100858
_d100858